La educación en la confianza
Saved in:
| Hovedforfatter: | |
|---|---|
| Format: | Bog |
| Sprog: | spansk |
| Udgivet: |
Madrid
Aguilar
1965
|
| Udgivelse: | 2a. ed |
| Serier: | Psicología y Educación
|
| Fag: | |
| Tags: |
Tilføj Tag
Ingen Tags, Vær først til at tagge denne postø!
|
MARC
| LEADER | 00000nam a2200000 a 4500 | ||
|---|---|---|---|
| 001 | UCU0868 | ||
| 003 | CL-VaPUC | ||
| 008 | 960329e19650000SP |||||||||||||||||spa|d | ||
| 082 | 0 | 4 | |a 370.114 |b COR |2 21 |
| 100 | 0 | |a Corman, Louis |e author |9 356325 | |
| 245 | 1 | 3 | |a La educación en la confianza |
| 250 | |a 2a. ed | ||
| 300 | |a 170 p | ||
| 942 | |c BK | ||
| 945 | |d 19960329 00:00:00 |a cmena | ||
| 260 | |a Madrid |b Aguilar |c 1965 | ||
| 650 | 0 | |a Educación |9 258661 | |
| 650 | 0 | |a Educación moral |9 308319 | |
| 650 | 0 | |a Amor |9 257817 | |
| 650 | 0 | |a Psicología del niño |9 307305 | |
| 650 | 0 | |a Niños |9 255605 | |
| 650 | 0 | |a Familias |9 255641 | |
| 650 | 0 | |a Valores morales |9 310604 | |
| 583 | |a last modification |c 19960329 00:00:00 |k Rodrigo Vera | ||
| 490 | 0 | |a Psicología y Educación | |
| 999 | |c 245651 |d 245649 | ||
| 952 | |0 0 |1 0 |4 0 |6 370_114000000000000_COR_1965 |7 0 |8 P |9 260229 |a BIBEDU |b BIBEDU |c BIBEDU_PB |d 2019-11-19 |i 1638599 |o 370.114 COR 1965 |p 1638599 |r 2024-01-25 |w 2019-11-19 |y BK |k EDU | ||